| 000 -LEADER |
| fixed length control field |
00628cam a22001457a 4500 |
| 008 - FIXED-LENGTH DATA ELEMENTS--GENERAL INFORMATION |
| fixed length control field |
180718b1992 xxu||||| |||| 00| 0 eng d |
| 082 ## - DEWEY DECIMAL CLASSIFICATION NUMBER |
| Classification number |
B73x54 R813 |
| 100 ## - MAIN ENTRY--PERSONAL NAME |
| Personal name |
Roy Burman, B.K. |
| 245 ## - TITLE STATEMENT |
| Title |
Panchayati raj and tribals |
| Statement of responsibility, etc. |
by B.K. Roy Burman |
| 260 ## - PUBLICATION, DISTRIBUTION, ETC. |
| Place of publication, distribution, etc. |
New Delhi |
| Name of publisher, distributor, etc. |
Institute of Social Sciences |
| Date of publication, distribution, etc. |
1992 |
| 300 ## - PHYSICAL DESCRIPTION |
| Extent |
22p. |
| 500 ## - GENERAL NOTE |
| General note |
A critique of the report of the committee of Members of Parliament and Experts constituted to make Recommendations on Law concerning Extension of Provisions of the Consitution (Seventy-third Amendment) Act, 1992 to Scheduled Areas |
| 650 ## - SUBJECT ADDED ENTRY--TOPICAL TERM |
| Topical term or geographic name entry element |
Tribes - India |
| 650 ## - SUBJECT ADDED ENTRY--TOPICAL TERM |
| Topical term or geographic name entry element |
Panchayat - India |